Normal view
MARC view
Entry Personal Name
001 - CONTROL NUMBER
- control field: 64874
003 - CONTROL NUMBER IDENTIFIER
- control field: OSt
005 - DATE AND TIME OF LATEST TRANSACTION
- control field: 20160721150104.0
008 - FIXED-LENGTH DATA ELEMENTS
- fixed length control field: 160721|| aca||aabn | a|a d
040 ## - CATALOGING SOURCE
- Original cataloging agency: OSt
- Transcribing agency: OSt
100 ## - HEADING--PERSONAL NAME
- Personal name: बालकृष्णन, सुधा
670 ## - SOURCE DATA FOUND
- Source citation: Work cat.: (OSt): बालकृष्णन, सुधा , नारी : अस्तित्व की पहचान , 2014









